|
|
|
|
| LEADER |
00000cam a2200000 7i4500 |
| 001 |
0000000273 |
| 005 |
20000726.0 |
| 020 |
0 |
0 |
|a 0070633614
|
| 090 |
0 |
0 |
|a 305.23
|b TAP 1998
|
| 100 |
1 |
0 |
|a TAPSCOTT
|h Don
|
| 245 |
1 |
0 |
|a Growing up digital :
|b The rise of the net generation
|c Don Tapscott
|
| 260 |
0 |
0 |
|a New York :
|b McGraw-Hill ,
|c 1998
|
| 300 |
|
|
|a xii, 336 p. :
|b ill. ;
|c 24 cm.
|
| 500 |
0 |
0 |
|a Bibliography: [p. 319-323] and index
|
| 650 |
0 |
0 |
|a Computer networks
|
| 650 |
0 |
0 |
|a Computers and civilization
|
| 650 |
0 |
0 |
|a Technology and youth
|
| 999 |
|
|
|a 0000001376
|b Monograph
|c Open Shelf
|e Default branch
|